|
|
|
|
| LEADER |
00000nab a2200000 a 4500 |
| 001 |
vtls000537980 |
| 003 |
SK-MaSNL |
| 005 |
20260305015544.0 |
| 008 |
250425c1994 xo 0 slo |
| 015 |
|
|
|a SNBRB19rr/mm-uuuuu
|
| 035 |
|
|
|a CL0538118
|
| 035 |
|
|
|a urn:nbn:sk:snk-abboww
|
| 035 |
|
|
|a (urnnbn)urn:nbn:sk:snk:ar-006dnt
|
| 035 |
|
|
|a (uuid)fbcde90b-016c-4901-a7be-40adce4c05f6
|
| 040 |
|
|
|a SNKBUCL
|b slo
|c SNKBUCL
|e AACR2
|
| 041 |
0 |
|
|a slo
|
| 044 |
|
|
|a xo
|c SK
|
| 080 |
|
|
|a 504.06:061.1(100)
|2 1981
|
| 080 |
|
|
|a 061.1(100)
|2 1981
|
| 100 |
1 |
|
|a Huba, Mikuláš,
|d 1954-
|4 aut
|9 102715
|
| 245 |
1 |
0 |
|a Zamyslenie sa nad koncepciou trvalo udržateľného rozvoja
|c Mikuláš Huba, Vladimír Ira
|
| 300 |
|
|
|b Obr. 1, lit. 6 zázn. v angl., češ., slov.
|
| 610 |
2 |
7 |
|a Organizácia spojených národov
|2 SNKKA
|9 84034
|
| 650 |
0 |
7 |
|a životné prostredie
|2 snkbucl
|9 786
|
| 650 |
0 |
7 |
|a trvalo udržateľný rozvoj
|2 snkbucl
|9 3353
|
| 655 |
|
7 |
|a články z novín a časopisov
|2 snkbucl
|9 267496
|
| 700 |
1 |
|
|a Ira, Vladimír,
|d 1952-
|4 aut
|9 105864
|
| 773 |
0 |
|
|t Životné prostredie
|g Roč. 28, č. 6 (1994), s. 285-287
|x 0044-4863
|
| 850 |
|
|
|a Slovenská národná knižnica
|
| 852 |
|
|
|a Slovenská národná knižnica
|
| 954 |
|
|
|a odborná, vedecká literatúra pôvodná (slovenská)
|2 lita
|
| 958 |
|
|
|a article15
|
| 958 |
|
|
|a NB
|
| 958 |
|
|
|a RK
|
| 958 |
|
|
|a OND
|
| 958 |
|
|
|a EUIPO
|
| 992 |
|
|
|a RBX
|
| 999 |
|
|
|c 3275837
|d 3277767
|